10 Meilleurs buteurs de l'histoire de la Coupe du Monde - Statistiques

Statistiques générales
  • Ce quiz a été pris 158 fois
  • Le résultat moyen est 6 sur 15
Statistiques - réponses
Nombre de buts marqués Nom joueur % Correct
15 Ronaldo
95%
13 Lionel Messi
93%
12 Kylian Mbappé
89%
16 Miroslav Klose
65%
12 Pelé
65%
13 Just Fontaine
58%
14 Gerd Müller
43%
10 Thomas Müller
43%
11 Jürgen Klinsmann
3%
10 Gabriel Batistuta
2%
10 Gary Lineker
2%
10 Helmut Rahn
2%
11 Sándor Kocsis
2%
10 Grzegorz Lato
0%
10 Teófilo Cubillas
0%
Aucun quiz correspondant
Distribution des résultats
% des personnes avec chaque résultat
Percentile par nombre de réponses
Votre historique - résultats
Vous n’avez pas pris ce quiz